000 00274nam a22001337a 4500
008 180209b xxu||||| |||| 00| 0 eng d
020 _a9780078228636
041 _aeng
080 _a51
100 _a33
101 _amat
245 _amathematics
_chill
942 _2udc
_cBK
999 _c42229
_d42229